Reiseziele der Simpsons - Statistiken

Allgemein
  • Dieses Quiz wurde 205 mal gespielt
  • Das Durchschnittsergebnis liegt bei 10 aus 18
Antwortstatistiken
Hint Antwort % Korrekt
1 Frankreich
87%
16 China
86%
10 Japan
86%
13 Kanada
86%
14 Brasilien
83%
5 Mexiko
83%
15 Italien
82%
7 Australien
74%
9 Vereinigtes Königreich
72%
17 Irland
54%
6 Indien
45%
8 Kuba
43%
2 Peru
33%
4 Island
29%
3 Israel
23%
18 Ecuador
10%
12 Tansania
10%
11 Mikronesien
6%
Keine übereinstimmenden Quizze gefunden
Verteilung der Resultate
Anzahl Personen mit jedem Resultat
Perzentil nach korrekt beantworteten Fragen
Ihre Resultats-Entwicklung
Sie haben dieses Quiz noch nicht gespielt